| 000 | 00976nam a22002777a 4500 | ||
|---|---|---|---|
| 005 | 20170124110242.0 | ||
| 010 | _aB-220795 | ||
| 020 |
_c00.00 _a9788187107484 |
||
| 035 | _aB-220795 | ||
| 037 | _bCen Lib/Ret | ||
| 040 |
_aDPL _bEN |
||
| 082 |
_a909.03 _bBIN |
||
| 100 |
_aBingham, Jane _995224 |
||
| 245 |
_aThe usborne internet-linked encyclopedia of World history / _cby Jane Bingham, Fiona Chandler [and] Sam Taplin ; illustrated by Inklink Firenze...[et al.] ; edited by Jane Chisholm |
||
| 246 | _b | ||
| 260 |
_bOm Books _aNew Delhi _c2006 |
||
| 270 |
_a4379/4B, Prakash house, ansari road, Dariyaganj _bNew Delhi _e110002 |
||
| 300 |
_a414p. : _c27cm(pbk) _bill. |
||
| 500 | _aIncludes index | ||
| 650 |
_aWorld history -- Encyclopedia _995225 |
||
| 700 |
_aChandler, Fiona _995226 |
||
| 700 |
_a Taplin, Sam _995227 |
||
| 700 |
_aFirenze, Inklink _995228 |
||
| 700 |
_aChisholm, Jane _995229 |
||
| 942 |
_2ddc _cEN _h909.03 _mBIN |
||
| 999 |
_c135218 _d135218 |
||